Представление документа в формате MARC21

ПолеНазваниеЗначение
  Тип записи a
  Библиографический уровень m
001 Контрольный номер RU/URAIT/587120
005 Дата корректировки 20260429163704.6
008 Кодируемые данные 260429s2026 RU y f j 000 0 rus u
020 Индекс ISBN __
a ISBN 978-5-534-18616-1
c Цена, тираж 2689.00
040 Источник каталогиз. __
a Служба первич. каталог. ИКО Юрайт
c Служба, преобразующая запись ИКО Юрайт
e Правила каталог. RCR
041 Код языка издания __
a Код языка текста rus
044 Код страны публикации __
a Код страны публикации RU
080 Индекс УДК __
a Индекс УДК 796(075.32)
084 Индекс другой классификации/Индекс ББК __
2 Источник индекса rubbk
a Индекс другой классификации/Индекс ББК 75я723
100 Автор __
a Автор Конеева Е. В.
q Полное имя Конеева Елена Владимировна
245 Заглавие __
a Заглавие Физическая культура
b Продолж. заглавия учебник для спо
c Ответственность Е. В. Конеева [и др.] ; под редакцией Е. В. Конеевой.
250 Сведения об издании __
g пер. и доп
a Основные сведения об издании 3-е изд.
256 Характеристики компьютерного файла __
a Характеристики компьютерного файла Электрон. дан.
260 Выходные данные __
a Место издания Москва
b Издательство Юрайт
c Дата издания 2026
300 Физическое описание __
a Объем 609 с
440 Серия __
a Серия Профессиональное образование
500 Примечания __
a Примечание URL: https://urait.ru/bcode/587120 (дата обращения: 29.04.2026).
520 Аннотация __
a Аннотация В пособии ведется повествование о цели и задачах занятий по физической культуре, особенно в дошкольных организациях, основой которых является создание фундамента физического здоровья детей, формирования их личности. Содержит сведения о концепции формирования физической культуры личности школьников и студентов. Книга включает в себя сведения о здоровом образе жизни студентов, профилактике вредных привычек, корпоративном спорте и др. Соответствует актуальным требованиям федерального государственного образовательного стандарта высшего образования. Пособие предназначено для студентов, учителей физической культуры, преподавателей вузов и сузов, инструкторов по физической культуре в дошкольных учреждениях.
538 Прим. о системных особенностях __
a Прим. о системных особенностях Режим доступа: Электронно-библиотечная система Юрайт, для авториз. пользователей
653 Ключевые слова __
a Ключевые слова Физическая культура
653 Ключевые слова __
a Ключевые слова Гуманитарные науки
653 Ключевые слова __
a Ключевые слова Физическая культура
653 Ключевые слова __
a Ключевые слова Физическая культура (физическая подготовка)
653 Ключевые слова __
a Ключевые слова Физкультура
653 Ключевые слова __
a Ключевые слова Физическая подготовка
653 Ключевые слова __
a Ключевые слова Физическая культура и спорт
653 Ключевые слова __
a Ключевые слова Общая физическая подготовка
653 Ключевые слова __
a Ключевые слова Физическая культура (базовая подготовка)
653 Ключевые слова __
a Ключевые слова Физическая культура (углубленная подготовка)
653 Ключевые слова __
a Ключевые слова Физическая культура (ЗОЖ)
653 Ключевые слова __
a Ключевые слова Общая физическая культура
653 Ключевые слова __
a Ключевые слова Основы физической культуры
653 Ключевые слова __
a Ключевые слова Физическая культура спорт
653 Ключевые слова __
a Ключевые слова Физическая культура и спорт2
653 Ключевые слова __
a Ключевые слова Элективная физическая культура
653 Ключевые слова __
a Ключевые слова Элективная физическая культура и спорт
653 Ключевые слова __
a Ключевые слова Физическая культура. Общие вопросы
653 Ключевые слова __
a Ключевые слова Физическая культура и спорт: теория и практика
653 Ключевые слова __
a Ключевые слова Физическая культура и здоровье
653 Ключевые слова __
a Ключевые слова Базовая физическая культура
653 Ключевые слова __
a Ключевые слова Физическая культура/ Адаптивная физическая культура
653 Ключевые слова __
a Ключевые слова Физическая культура и спорт. Общая физическая подготовка
653 Ключевые слова __
a Ключевые слова Физическая культура и спорт. Спортивная подготовка
653 Ключевые слова __
a Ключевые слова Физическая культура здоровье
653 Ключевые слова __
a Ключевые слова Физическая культура (элективная дисциплина)
653 Ключевые слова __
a Ключевые слова Физическая культура и спорт (элективный курс)
653 Ключевые слова __
a Ключевые слова Элективные курсы по физической культуре, Физическая культура и спорт
653 Ключевые слова __
a Ключевые слова Физическая культура (элективные курсы)
653 Ключевые слова __
a Ключевые слова Физическая культура: общая физическая подготовка
653 Ключевые слова __
a Ключевые слова Организация процесса разработки и реализации парциальной образовательной программы в области физического развития
653 Ключевые слова __
a Ключевые слова Организация процесса и реализации парциальной образовательной программы в области физического развития
700 Другие авторы __
a Другие авторы Зайцев А. А.
q Полное имя Зайцев Анатолий Александрович
700 Другие авторы __
a Другие авторы Томашевская О. Б.
q Полное имя Томашевская Ольга Борисовна
700 Другие авторы __
a Другие авторы Покровская Н. В.
q Полное имя Покровская Наталья Владимировна
700 Другие авторы __
a Другие авторы Почечура Н. Н.
q Полное имя Почечура Наталья Николаевна
700 Другие авторы __
a Другие авторы Романов С. С.
q Полное имя Романов Сергей Станиславович
700 Другие авторы __
a Другие авторы Колтан С. В.
q Полное имя Колтан Светлана Владимировна
700 Другие авторы __
a Другие авторы Лизогубенко Н. В.
q Полное имя Лизогубенко Николай Васильевич
700 Другие авторы __
a Другие авторы Пельменев В. К.
q Полное имя Пельменев Виктор Константинович
700 Другие авторы __
a Другие авторы Зайцева В. Ф.
q Полное имя Зайцева Виктория Федоровна
700 Другие авторы __
a Другие авторы Жигарева О. Г.
q Полное имя Жигарева Оксана Георгиевна
700 Другие авторы __
a Другие авторы Горячева Е. Н.
q Полное имя Горячева Евгения Николаевна
700 Другие авторы __
a Другие авторы Брагина А. И.
q Полное имя Брагина Алина Игоревна
700 Другие авторы __
a Другие авторы Брагина И. Ю.
q Полное имя Брагина Ирина Юрьевна
856 Электронный адрес документа 40
n Местонахождение сервера Юрайт
g Электронная книга
q Тип электронного формата html
h Имя пользователя ЮРАЙТ
v Часы доступа к ресурсу 20271231
2 Способ доступа Показать документ
x Служебное примечание https://urait.ru/book/cover/DD455C6D-0055-4DE2-8DE3-B2F5437A3F31
u URL https://urait.ru/bcode/587120
856 Электронный адрес документа 48
q Тип электронного формата cover
u URL https://urait.ru/book/cover/DD455C6D-0055-4DE2-8DE3-B2F5437A3F31
911 __
u 0030=https://urait.ru/bcode/587120
911 __
u 073a=9785534186161
u 073d=2689.00
911 __
u 106a=s
911 __
u 900l=
952 Тип литературы __
i Дисциплина Физическая культура
952 Тип литературы __
i Дисциплина Физическая культура (физическая подготовка)
952 Тип литературы __
i Дисциплина Физкультура
952 Тип литературы __
i Дисциплина Физическая подготовка
952 Тип литературы __
i Дисциплина Физическая культура и спорт
952 Тип литературы __
i Дисциплина Общая физическая подготовка
952 Тип литературы __
i Дисциплина Физическая культура (базовая подготовка)
952 Тип литературы __
i Дисциплина Физическая культура (углубленная подготовка)
952 Тип литературы __
i Дисциплина Физическая культура (ЗОЖ)
952 Тип литературы __
i Дисциплина Общая физическая культура
952 Тип литературы __
i Дисциплина Основы физической культуры
952 Тип литературы __
i Дисциплина Физическая культура спорт
952 Тип литературы __
i Дисциплина Физическая культура и спорт2
952 Тип литературы __
i Дисциплина Элективная физическая культура
952 Тип литературы __
i Дисциплина Элективная физическая культура и спорт
952 Тип литературы __
i Дисциплина Физическая культура. Общие вопросы
952 Тип литературы __
i Дисциплина Физическая культура и спорт: теория и практика
952 Тип литературы __
i Дисциплина Физическая культура и здоровье
952 Тип литературы __
i Дисциплина Базовая физическая культура
952 Тип литературы __
i Дисциплина Физическая культура/ Адаптивная физическая культура
952 Тип литературы __
i Дисциплина Физическая культура и спорт. Общая физическая подготовка
952 Тип литературы __
i Дисциплина Физическая культура и спорт. Спортивная подготовка
952 Тип литературы __
i Дисциплина Физическая культура здоровье
952 Тип литературы __
i Дисциплина Физическая культура (элективная дисциплина)
952 Тип литературы __
i Дисциплина Физическая культура и спорт (элективный курс)
952 Тип литературы __
i Дисциплина Элективные курсы по физической культуре, Физическая культура и спорт
952 Тип литературы __
i Дисциплина Физическая культура (элективные курсы)
952 Тип литературы __
i Дисциплина Физическая культура: общая физическая подготовка
952 Тип литературы __
i Дисциплина Организация процесса разработки и реализации парциальной образовательной программы в области физического развития
952 Тип литературы __
i Дисциплина Организация процесса и реализации парциальной образовательной программы в области физического развития